banner-ar

دراسات فى الفلسفة الوجودية / (Record no. 27610)

MARC details
000 -الفاتح
حقل البيانات ثابتة الطول 01214nam a2200397Ia 4500
005 - وقت وتاريخ اخر تعامل مع التسجيلة
رقم الضبط 20240530101753.0
008 - عناصر البيانات ثابتة الطول - معلومات عامة
حقل البيانات ثابتة الطول 140319s9999 xx 000 0 ara d
040 ## - مصدر الفهرسة
وكالة الفهرسة الأصلية GCL /
وكالة النسخ GCL
082 04 - رقم تصنيف ديوى العشرى
رقم التصنيف 191
رقم المادة ع د
100 1# - المدخل الرئيسى - إسم شخصى
الإسم الشخصى عبدالرحمن بدوى
245 10 - بيان العنوان
العنوان دراسات فى الفلسفة الوجودية /
بيان المسئوليه,etc عبدالرحمن بدوى
300 ## - الوصف المادى
التعداد 311 ص ؛
أبعاد الوعاء 24 سم.
600 0# - المدخل الاضافى بالموضوع-اسم شخصى
الإسم الشخصى كير كجور.
600 0# - المدخل الاضافى بالموضوع-اسم شخصى
الإسم الشخصى سارتر.
600 0# - المدخل الاضافى بالموضوع-اسم شخصى
الإسم الشخصى جبرييل مارسل.
600 0# - المدخل الاضافى بالموضوع-اسم شخصى
الإسم الشخصى نقولا برديائف.
600 0# - المدخل الاضافى بالموضوع-اسم شخصى
الإسم الشخصى البير كامى.
600 0# - المدخل الاضافى بالموضوع-اسم شخصى
الإسم الشخصى اونامونو.
600 0# - المدخل الاضافى بالموضوع-اسم شخصى
الإسم الشخصى اورتيجا.
600 0# - المدخل الاضافى بالموضوع-اسم شخصى
الإسم الشخصى كارل يسبرز.
600 0# - المدخل الاضافى بالموضوع-اسم شخصى
الإسم الشخصى هيدجر.
650 04 - المدخل الاضافى بالموضوع-مصطلح موضوعى
مصطلح موضوعي العلم
650 04 - المدخل الاضافى بالموضوع-مصطلح موضوعى
مصطلح موضوعي الفلسفة
650 04 - المدخل الاضافى بالموضوع-مصطلح موضوعى
مصطلح موضوعي الوجودية
650 04 - المدخل الاضافى بالموضوع-مصطلح موضوعى
مصطلح موضوعي الفلسفة الحديثة
650 04 - المدخل الاضافى بالموضوع-مصطلح موضوعى
مصطلح موضوعي المادية
650 04 - المدخل الاضافى بالموضوع-مصطلح موضوعى
مصطلح موضوعي الالوهية
650 04 - المدخل الاضافى بالموضوع-مصطلح موضوعى
مصطلح موضوعي الفلاسفة
650 04 - المدخل الاضافى بالموضوع-مصطلح موضوعى
مصطلح موضوعي الفلسفة الغربية
650 04 - المدخل الاضافى بالموضوع-مصطلح موضوعى
مصطلح موضوعي الديكارتية
650 04 - المدخل الاضافى بالموضوع-مصطلح موضوعى
مصطلح موضوعي الماهونية
650 04 - المدخل الاضافى بالموضوع-مصطلح موضوعى
مصطلح موضوعي ما وراء الطبيعة, علم
942 ## - عناصر المدخل الإضافي( كوها)
مصدر التصنيف او مخطط الترفيف Dewey Decimal Classification
Koha [default] item type كتاب
260 ## - PUBLICATION, DISTRIBUTION, ETC. (IMPRINT)
-- [S.N] :
-- المؤسسة العربية للدراسات والنشر
Holdings
حالة التراجع حالة الفقد حالة تلف ليس للاعارة المكان المؤقت الموقع الحالى تاريخ الاكتساب اجمالي اﻻعارات رقم الطلب الباركود تاريخ اخر مشاهدة تاريخ تفعيل السعر نوع وعاء كوها
        مكتبة القاهرة الكبرى مكتبة القاهرة الكبرى 03/26/2014   191\ع د 62800 03/26/2014 03/26/2014 كتاب
        مكتبة القاهرة الكبرى مكتبة القاهرة الكبرى 03/26/2014   191\ع د 62801 03/26/2014 03/26/2014 كتاب
        مكتبة القاهرة الكبرى مكتبة القاهرة الكبرى 03/26/2014   191\ع د 62802 03/26/2014 03/26/2014 كتاب

Powered By

EGPV